| 000 | 00762nam a22002297a 4500 | ||
|---|---|---|---|
| 005 | 20170124105915.0 | ||
| 010 | _a731472 | ||
| 020 |
_c00.00 _a0706903161 |
||
| 035 | _a731472 | ||
| 037 | _bCen Lib/Ret | ||
| 040 |
_aDPL _bEN |
||
| 082 |
_a016.954 _bSHA |
||
| 100 |
_aSharma, Jagdish Saran _9109115 |
||
| 245 |
_aSource of Indian civilization : _cby Jgdish Saran Sharma _ba bibliography of works by world orientalists other than Indian / |
||
| 260 |
_aDelhi _bVikas Publishing House _c1974 |
||
| 270 |
_a5 Ansari Road, Darya Ganj _bDelhi _e110006 |
||
| 300 |
_axiv,360p. _c21cm(Hb) |
||
| 500 | _aIncludes index | ||
| 650 |
_aLibrary science _9109116 |
||
| 650 |
_aClassification-Library science _9109117 |
||
| 942 |
_2ddc _cEN _h016.954 _mSHA |
||
| 999 |
_c122758 _d122758 |
||